Erase the World (Few Borders, No Skips) Quiz Stats

 Plays Quiz not verified by Sporcle

Score 0/210 Timer 20:00
145 Plays Today
% Correct
???
20.1%
???
20.1%
???
20.1%
???
20.1%
???
20%
???
20%
???
20%
???
20%
???
20%
???
20%
???
20%
???
20%
???
20%
???
20%
???
20%
???
20%
???
20%
???
20%
???
20%
???
20%
???
20%
???
20%
???
19.9%
???
20%
???
19.9%
???
19.9%
???
19.9%
???
19.9%
???
19.9%
???
19.9%
???
19.9%
???
19.9%
???
19.9%
???
19.9%
???
19.9%
???
19.9%
???
19.9%
???
19.9%
???
19.9%
???
19.9%
???
19.9%
???
19.9%
???
19.9%
???
19.9%
???
19.9%
???
19.9%
???
19.9%
???
19.9%
???
19.9%
???
19.9%
???
19.9%
???
19.8%
???
19.8%
???
19.8%
???
19.8%
???
19.8%
???
19.8%
???
19.8%
???
19.8%
???
19.8%
???
19.8%
???
19.8%
???
19.8%
???
19.8%
???
19.8%
???
19.8%
???
19.8%
???
19.8%
???
19.8%
???
19.8%
% Correct
???
19.8%
???
19.8%
???
19.8%
???
19.8%
???
19.8%
???
19.8%
???
19.8%
???
19.8%
???
19.8%
???
19.8%
???
19.7%
???
19.8%
???
19.8%
???
19.7%
???
19.7%
???
19.7%
???
19.7%
???
19.7%
???
19.7%
???
19.7%
???
19.7%
???
19.7%
???
19.7%
???
19.7%
???
19.7%
???
19.7%
???
19.7%
???
19.7%
???
19.7%
???
19.7%
???
19.7%
???
19.7%
???
19.7%
???
19.7%
???
19.7%
???
19.7%
???
19.7%
???
19.7%
???
19.7%
???
19.6%
???
19.7%
???
19.6%
???
19.6%
???
19.6%
???
19.6%
???
19.6%
???
19.6%
???
19.6%
???
19.6%
???
19.6%
???
19.6%
???
19.6%
???
19.6%
???
19.6%
???
19.6%
???
19.6%
???
19.6%
???
19.6%
???
19.6%
???
19.6%
???
19.6%
???
19.6%
???
19.5%
???
19.5%
???
19.5%
???
19.5%
???
19.5%
???
19.5%
???
19.5%
???
19.5%
% Correct
???
19.5%
???
19.5%
???
19.5%
???
19.5%
???
19.5%
???
19.5%
???
19.4%
???
19.4%
???
19.4%
???
19.4%
???
19.4%
???
19.4%
???
19.4%
???
19.4%
???
19.4%
???
19.4%
???
19.4%
???
19.3%
???
19.4%
???
19.3%
???
19.3%
???
19.3%
???
19.3%
???
19.3%
???
19.3%
???
19.3%
???
19.3%
???
19.3%
???
19.3%
???
19.2%
???
19.2%
???
19.2%
???
19.2%
???
19.2%
???
19.2%
???
19.2%
???
19.2%
???
19.1%
???
19.1%
???
19.1%
???
19.1%
???
19.1%
???
19.1%
???
19.1%
???
19%
???
19%
???
19%
???
18.9%
???
18.9%
???
18.9%
???
18.9%
???
18.9%
???
18.9%
???
18.9%
???
18.9%
???
18.9%
???
18.9%
???
18.9%
???
18.8%
???
18.8%
???
18.7%
???
18.7%
???
18.7%
???
18.6%
???
18.6%
???
18.6%
???
18.6%
???
18.6%
???
18.2%
???
17%

You're not logged in!

Compare scores with friends on all Sporcle quizzes.
OR
Log In

Show Comments

Extras

Top Quizzes Today


Score Distribution

Your Account Isn't Verified!

In order to create a playlist on Sporcle, you need to verify the email address you used during registration. Go to your Sporcle Settings to finish the process.

Report this User

Report this user for behavior that violates our Community Guidelines.

Details: